| 000 | 00426nam a2200169Ia 4500 | ||
|---|---|---|---|
| 008 | 220204s9999 xx 000 0 und d | ||
| 082 |
_a577.1 _bOLS |
||
| 245 | 0 | _aPerspectives in biological chemistry | |
| 260 |
_aNew York _bMarcel Dekker _c1970 |
||
| 650 | _aBiochemistry | ||
| 650 | _aCholine | ||
| 650 | _aPhosphorylase | ||
| 650 | _aSteroid hormone | ||
| 650 | _aVitamin K | ||
| 700 | _aOLSON, Robert E | ||
| 942 | _cBK | ||
| 999 |
_c27765 _d27765 |
||